Najväčšia bryndziareň sa trhu EÚ nebojí

Hospodárenie Zvolenskoslatinskej s.r.o. Bryndziarne a syrárne. Ročná produkcia firmy. Hospodárenie so ziskom. Zvolenská Slatina zatiaľ nepripravuje vstup zahraničného investora. Príprava výroby luxusných produktov. Otvorenie trhu po vstupe do EÚ očakávajú ako prínos.

Gespeichert in:
Bibliographische Detailangaben
1. Verfasser: Hrúz, Juraj
Format: Buchkapitel
Sprache:Slowakisch
Schlagworte:
Tags: Tag hinzufügen
Keine Tags, Fügen Sie das erste Tag hinzu!

MARC

LEADER 00000naa a2200000 4500
001 r049400
005 20230921115115.0
041 0 |a slo 
044 |a SK 
245 1 0 |a Najväčšia bryndziareň sa trhu EÚ nebojí  |c Juraj Hrúz 
520 |a Hospodárenie Zvolenskoslatinskej s.r.o. Bryndziarne a syrárne. Ročná produkcia firmy. Hospodárenie so ziskom. Zvolenská Slatina zatiaľ nepripravuje vstup zahraničného investora. Príprava výroby luxusných produktov. Otvorenie trhu po vstupe do EÚ očakávajú ako prínos. 
610 2 0 |a hospodárenie finančné 
610 2 0 |a hospodárenie podnikové 
610 2 0 |a zisk 
610 2 0 |a konkurencia 
610 2 0 |a výrobky nové 
610 2 0 |a trh 
610 2 0 |a Európska únia 
610 2 0 |a Bryndziareň a syráreň, s.r.o. Zvolenská Slatina 
100 1 |a Hrúz, Juraj